000 00360cam a22001097a 4500
008 180718b1949 xxu||||| |||| 00| 0 eng d
082 _aB703x5422 C333/1948
100 _aCentral Provinces and Berar. Local Self-Government Department
245 _aThe Central Provinces and Berar Local Government Act, 1948
260 _aNagpur
_bThe author
_c1949
300 _a72p.
999 _c488094
_d488094